UBT Library

ANATOMY PHYSIOLOGY (Record no. 58362)

000 -LEADER
fixed length control field 00313nam a22001457a 4500
008 - FIXED-LENGTH DATA ELEMENTS--GENERAL INFORMATION
fixed length control field 221005b ||||| |||| 00| 0 eng d
020 ## - INTERNATIONAL STANDARD BOOK NUMBER
International Standard Book Number 9781259360152
041 ## - LANGUAGE CODE
Language code of text/sound track or separate title eng
080 ## - UNIVERSAL DECIMAL CLASSIFICATION NUMBER
Universal Decimal Classification number 611
082 ## - DEWEY DECIMAL CLASSIFICATION NUMBER
Classification number 611 SAL
100 ## - Rafti
Rafti 10.2
101 ## - Shkurtesa
Shkurtesa ANA
245 ## - TITLE STATEMENT
Title ANATOMY PHYSIOLOGY
Statement of responsibility, etc SALADIN K
942 ## - ADDED ENTRY ELEMENTS (KOHA)
Source of classification or shelving scheme
Item type Books
Holdings
Withdrawn status Lost status Source of classification or shelving scheme Damaged status Not for loan Collection code Permanent location Current location Date acquired Total Checkouts Full call number Barcode Date last seen Price effective from Koha item type
          Koleksioni i përgjithshem UBT - Lipjan UBT - Lipjan 10/05/2022   611 SAL 002-80002870090 10/05/2022 10/05/2022 Books
          Koleksioni i përgjithshem UBT - Lipjan UBT - Lipjan 07/17/2023   611 SAL 002-800080831 07/17/2023 07/17/2023 Books
UBT Library © 2015-2024. All rights reserved University Education for Business and Technology